000 00729nam a2200181 i 4500
001 22277
003 ES-MaACL
005 20230906152649.0
007 t|
008 021202s1967 sp ||||1| spa d
100 1 _aAlicart Garces, Federico.
_9186618
245 1 3 _aCorrección del error de carga en los potenciómetros de una computadora electrónica analógica /
_cpor Federico Alicart Garces.
260 _aMadrid :
_bCentro de Estudios y Experimentación de Obras Públicas, Gabinete de Cálculo,
_c[1967]
300 _a41 p., 1 lám. :
_bil. ;
_c24 cm.
710 2 _aCentro de Estudios y Experimentación de Obras Públicas.
_bGabinete de Cálculo.
_92686
852 _aES-MaACL
_j2068-F-11
_bR.70735
999 _c22277
_d22277